| 000 | 00634nam a22002057a 4500 | ||
|---|---|---|---|
| 003 | OSt | ||
| 005 | 20130530163751.0 | ||
| 008 | 130530s2013 sp ||||| |||| 00| 0 spa d | ||
| 020 | _a9788490929814 | ||
| 040 | _cCDMR | ||
| 100 | 1 |
_93578 _aCarrillo, Nereida |
|
| 245 | 1 | 3 |
_aEl periodismo volátil _b: ¿ cómo atrapar la información política que se nos escapa ? _cNereida Carrillo |
| 260 |
_aBarcelona _bUOC _c2013 |
||
| 300 | _a83 p. | ||
| 490 | 0 |
_aThat's entertainment! _v2 |
|
| 650 | 0 | 4 |
_93470 _aPremsa i política |
| 650 | 0 | 4 |
_93099 _aSensacionalisme en la premsa |
| 650 | 0 | 4 |
_93478 _aCultura de massa _xInfluència |
| 942 |
_2udc _cMON |
||
| 999 |
_c6351 _d6351 |
||